<?xml version="1.0" encoding="UTF-8"?>
<marc:record xmlns:marc="http://www.loc.gov/MARC21/slim">
   <marc:leader>00000nam a2200000 a 4500</marc:leader>
   <marc:datafield ind1="1" ind2=" " tag="100">
      <marc:subfield code="a">Thieß, Heiko</marc:subfield>
      <marc:subfield code="4">aut</marc:subfield>
      <marc:subfield code="e">Verfasser/-in</marc:subfield>
   </marc:datafield>
   <marc:datafield ind1="0" ind2="0" tag="245">
      <marc:subfield code="a">Arschkarte</marc:subfield>
   </marc:datafield>
   <marc:datafield ind1="0" ind2="0" tag="245">
      <marc:subfield code="b">Roman</marc:subfield>
   </marc:datafield>
   <marc:datafield ind1="0" ind2="0" tag="245">
      <marc:subfield code="c">Heiko Thieß</marc:subfield>
   </marc:datafield>
   <marc:datafield ind1=" " ind2="1" tag="264">
      <marc:subfield code="a">München</marc:subfield>
      <marc:subfield code="b">Piper</marc:subfield>
      <marc:subfield code="c">2015</marc:subfield>
   </marc:datafield>
   <marc:datafield ind1="1" ind2=" " tag="490">
      <marc:subfield code="a">Piper</marc:subfield>
      <marc:subfield code="v">30795</marc:subfield>
   </marc:datafield>
   <marc:datafield ind1=" " ind2=" " tag="250">
      <marc:subfield code="a">2. Aufl.</marc:subfield>
   </marc:datafield>
   <marc:datafield ind1="1" ind2=" " tag="520">
      <marc:subfield code="a">Timo hat die Arschkarte gezogen. Seine Exfreundin Lena verbringt ihre Nächte ausgerechnet mit seinem Nachbarn, daran lassen die dünnen Wände keinen Zweifel. Seine Kollegen in der Werbeagentur sind neurotisch bis verrückt, und seine Freunde wissen genau, was das Beste für ihn ist. Aber Timo hat andere Sorgen &#x96; er ist auf der Suche nach einer neuen Frau. Gern auch erst mal nur für eine Nacht. Leider bringen ihn weder die Kuppelversuche von seinem Kumpel Nils noch der Auftritt als heißblütiger Lover in einem Werbespot für Fußpilzcreme diesem Ziel näher. Doch als er schon alle Hoffnung aufgegeben hat, wird Timo klar, für wen sein Herz in Wirklichkeit schlägt ...</marc:subfield>
   </marc:datafield>
   <marc:datafield ind1=" " ind2=" " tag="020">
      <marc:subfield code="a">9783492307956</marc:subfield>
      <marc:subfield code="9">9783492307956</marc:subfield>
   </marc:datafield>
   <marc:datafield ind1=" " ind2=" " tag="020">
      <marc:subfield code="a">3492307957</marc:subfield>
      <marc:subfield code="9">3492307957</marc:subfield>
   </marc:datafield>
   <marc:datafield ind1=" " ind2=" " tag="300">
      <marc:subfield code="a">301 S.</marc:subfield>
   </marc:datafield>
</marc:record>
